[Event "Chesscup Rapid 2020"]
[Site "Katowice"]
[Date "2020.09.13"]
[Round "5.7"]
[White "Piorun, Kacper"]
[Black "Szczurek, Krzysztof"]
[Result "1/2-1/2"]
[WhiteElo "2596"]
[BlackElo "2031"]
[Annotator "TA"]
[PlyCount "133"]
[EventDate "2020.09.12"]
[EventType "swiss"]
[EventCountry "POL"]
[SourceTitle "playchess.com"]
[Source "ChessBase"]
[SourceQuality "1"]

{[%evp 13,133,11,42,42,39,17,48,47,86,85,57,30,51,-14,-16,-11,0,-13,20,-22,0,-7,0,0,0,0,9,8,6,0,0,5,9,0,27,40,35,28,22,25,27,36,33,0,42,32,63,65,113,61,63,0,0,-41,0,-103,0,-71,8,-20,0,0,0,0,0,0,0,0,3,4,147,170,162,150,146,139,385,328,283,158,185,184,560,567,553,510,375,60,60,60,57,62,122,120,248,23,23,23,23,8,16,0,0,0,0,0,0,0,0,0,0,0,0,0,0,0,0,0,0,0,0,0]} 1. d4 Nf6 2. Nf3 d6 3. g3 g6 4. Bg2 Bg7 5. O-O O-O 6. a4 {[%cal Ba2a4,Ba4a5][%mdl 32]} Nbd7 7. a5 a6 {The main line 7...a6 scores better than 7...c6.} 8. Nc3 {A49: 1 d4 Nf6 2 Nf3 g6 3 g3: Anti-King's Indian systems.} e5 9. e4 Qe7 {[#]} 10. Re1 $146 {White is slightly better.} ({Predecessor:} 10. h3 Re8 11. Re1 Nf8 12. Be3 Bd7 13. Qd2 Rad8 14. Bg5 c6 15. d5 c5 16. Rab1 {1-0 (34) Ivanov,M (2457)-Heimann,A (2073) Pforzheim 2005}) 10... b5 11. axb6 Nxb6 12. h3 Bb7 13. b3 (13. Be3 $14) 13... exd4 $11 14. Nxd4 c5 15. Nf3 Rfe8 {[%cal Rf6e4]} 16. Bd2 Rad8 ({Much worse is} 16... Bxe4 $6 17. Ng5 $16) (16... Nxe4 $6 17. Nxe4 Bxe4 18. Ng5 $16) 17. Qc1 Qd7 {[%cal Rf6e4]} 18. Nh2 d5 19. e5 Ne4 $1 20. Nxe4 dxe4 21. Ba5 Re6 $1 22. Ng4 Rde8 23. Qg5 h5 (23... e3 $5 24. Nxe3 (24. Qxe3 Bxg2 25. Kxg2 h5 $15) 24... Bxg2 25. Nxg2 Bxe5 $11) 24. Nf6+ Bxf6 $1 25. exf6 Qd4 $1 26. Rad1 Qxf6 27. Qxf6 Rxf6 28. c4 Nc8 29. Rd7 {[%mdl 1024] White has compensation.} Bc6 30. Rc7 Rd6 31. Re2 (31. Kh2 $16) 31... Ne7 32. Rd2 (32. Bb6 $14) 32... Re6 33. Bc3 Nf5 34. Rd1 {[#]} (34. Ra2 $11) 34... g5 ({Better is} 34... Nd4 $1 $17 {[%cal Rd4e2][%mdl 512] ...Ne2+ is the strong threat.} 35. Bxd4 Rd8 {[%mdl 64] Pin}) 35. Re1 (35. b4 $11 Nd4 36. Bxd4 cxd4 37. Rxd4) 35... Kf8 ({Black should try} 35... Nd4 $17) 36. Bb2 Kg8 37. Ba3 Nd4 {And now ...Nc2 would win.} 38. Bxc5 Nxb3 39. Be3 a5 40. c5 a4 41. Bf1 $36 {[%mdl 2048] Threatens to win with Bc4. White is more active.} Rg6 (41... R8e7 $11 42. Rc8+ Re8) 42. Bc4 $16 Rf8 43. Rd1 {Hoping for Rd6.} Na5 44. Be2 Nb3 $2 (44... g4 $16) 45. Bxh5 Rh6 46. Bg4 (46. Be2 $18) 46... a3 {intending ...a2.} 47. Ra7 f5 $2 (47... a2) 48. Be2 $18 f4 49. Bc4+ Kh8 {[#]} 50. Bxb3 $2 (50. gxf4 $1 $18 Rh7 51. Rxh7+ Kxh7 52. Bxb3 gxf4 53. Bc1) 50... fxe3 $14 51. fxe3 {Strongly threatening Bc4.} Rxh3 52. Kg2 Rh6 (52... Rh7 $14 53. Rxa3 Bd7) 53. Rxa3 $16 Rhf6 {[#]} (53... Bb5 $16) 54. Rd6 $2 ({Only move:} 54. Ra7 $1 $18 {White threatens Rh1+ and mate.} Rh6 55. Bc2) 54... Rxd6 $1 $11 55. cxd6 {[%mdl 4096] Endgame KRB-KRB} Rd8 56. Bc4 Rxd6 {The position is equal.} 57. Kh3 Bd7+ 58. Kg2 Rd2+ 59. Kg1 Kg7 60. Bf1 Kf6 61. Ra6+ Kg7 62. Ra5 Kf6 63. Rc5 Bg4 64. Rc6+ Kg7 65. Rc7+ Kf6 66. Rc6+ Kg7 67. Rc7+ {Accuracy: White = 64%, Black = 64%.} 1/2-1/2

[Event "Chesscup Rapid 2020"]
[Site "Katowice"]
[Date "2020.09.13"]
[Round "5.8"]
[White "Goraj, Barbara"]
[Black "Klekowski, Maciej"]
[Result "0-1"]
[WhiteElo "2078"]
[BlackElo "2511"]
[Annotator "TA"]
[PlyCount "52"]
[EventDate "2020.09.12"]
[EventType "swiss"]
[EventCountry "POL"]
[SourceTitle "playchess.com"]
[Source "ChessBase"]
[SourceQuality "1"]

{[%evp 18,52,2,6,0,8,1,-60,-23,-66,-41,-120,-120,-116,-87,-147,-44,-197,-203,-195,-196,-223,-221,-341,-336,-323,-315,-414,-409,-392,-391,-421,-408,-417,-398,-922,-905]} 1. e4 c5 2. Nf3 Nc6 3. d4 cxd4 4. Nxd4 e6 5. Nc3 a6 6. Be2 Qc7 7. O-O Nf6 8. Be3 Bb4 9. f3 O-O 10. a3 Bxc3 {B49: Sicilian: Taimanov: 5 Nc3 Qc7 6 Be3 a6 7 Be2.} 11. bxc3 d5 12. Bd3 (12. Nxc6 $11 bxc6 13. Rb1) 12... Ne7 {[#] Black is slightly better.} 13. Qd2 $146 ({Predecessor:} 13. Qe1 dxe4 14. Bxe4 e5 15. Nb3 Nxe4 16. fxe4 Be6 17. Nc5 Bc4 18. Rf3 f5 19. Rb1 {½-½ (65) Benza,A (2130)-Klimov,S (2509) Smolensk 2005}) 13... e5 14. Nf5 (14. Ne2 $15) 14... Bxf5 $17 15. exf5 Rac8 16. a4 {[#]} (16. g4 $142) 16... Qxc3 (16... e4 $1 $17 {[%cal Re4d3]} 17. Be2 Qxc3 18. Qxc3 Rxc3) 17. Rab1 $2 {Loses the game.} (17. Qxc3 $15 Rxc3 18. Rfe1) 17... Qxd2 $19 18. Bxd2 e4 19. fxe4 dxe4 20. Rxb7 (20. Be2 {was called for.}) 20... exd3 21. Rxe7 dxc2 22. Re3 Rfd8 23. Bc1 Rd4 24. a5 Rd5 25. Bb2 Rb5 26. Bxf6 $2 {[#]} (26. Bc1) 26... c1=Q {Accuracy: White = 13%, Black = 65%.} 0-1

[Event "Chesscup Rapid 2020"]
[Site "Katowice"]
[Date "2020.09.13"]
[Round "5.9"]
[White "Zabron, Maksym"]
[Black "Koziak, Vitali"]
[Result "0-1"]
[WhiteElo "1932"]
[BlackElo "2434"]
[Annotator "TA"]
[PlyCount "78"]
[EventDate "2020.09.12"]
[EventType "swiss"]
[EventCountry "POL"]
[SourceTitle "playchess.com"]
[Source "ChessBase"]
[SourceQuality "1"]

{[%evp 13,78,35,45,38,41,0,0,0,0,0,0,0,2,2,100,15,20,19,60,10,47,-37,-29,-118,-111,-150,-117,-205,-129,-162,-154,-162,-165,-206,-202,-263,-172,-177,-202,-181,-156,-150,-148,-149,-133,-115,232,-65,0,-91,-97,-130,-131,-141,-104,-113,-114,-151,-156,-174,-140,-275,-254,-345,-360,-5231,-4814]} 1. d4 Nf6 2. c4 g6 3. Nc3 Bg7 4. e4 O-O 5. Bg5 h6 6. Be3 d6 7. f3 c5 8. Nge2 {E81: King's Indian: Sämisch: 6th move deviations (including 6 Be3 c6).} Nc6 9. dxc5 dxc5 10. Qxd8 {The position is equal.} Rxd8 11. Bxc5 Nd7 12. Ba3 Nde5 13. Nf4 Nd4 {[#]} (13... e6 $11) 14. Rc1 $146 (14. O-O-O $16) ({Predecessor:} 14. O-O-O Nec6 15. Nfe2 e6 16. Nxd4 Bxd4 17. Nb5 Be3+ 18. Kc2 Rxd1 19. Kxd1 b6 20. Bd3 {1-0 (44) Campos Moreno,J (2475)-Taboas Rodriguez,D (2200) Mondariz 1996}) 14... e6 $11 15. Nb5 Nec6 16. Be2 h5 17. Nh3 (17. Nxd4 $14 Bxd4 18. Rd1) 17... Bh6 $36 {[%mdl 2048] Black fights for an advantage.} 18. f4 (18. Rd1 $11) 18... e5 $17 19. Nxd4 Rxd4 20. O-O (20. Nf2 $17) 20... exf4 {White must now prevent ...Bxh3.} ({Not} 20... Rxe4 21. Bf3 $15) 21. Bf3 Bxh3 22. gxh3 Ne5 23. b3 Rd3 24. Kg2 Nxf3 25. Rxf3 Rd2+ 26. Kg1 Rxa2 27. Bd6 Rd8 28. c5 g5 29. Rf2 Ra3 $2 {[%mdl 8192] [#]} (29... Rxf2 $17 {stays on course.} 30. Kxf2 f6) 30. Rb1 $2 (30. c6 $1 $18 {[%cal Rc6c7]} Rxb3 31. c7) 30... Bg7 (30... Bf8 $15 31. e5 h4) 31. Rg2 (31. e5 $1 $11 {remains equal.} Bf8 32. h4) 31... Bd4+ 32. Kf1 f6 33. Bxf4 Bxc5 {[#]} 34. Bxg5 $1 {[%mdl 512]} Kf7 (34... fxg5 35. Rxg5+) 35. Bh6 Ke6 36. Rc2 b6 37. Rc3 (37. Bf4 $17) 37... Ra2 $19 {And now ...Rf2+ would win.} 38. Rf3 Rxh2 39. Ra1 $2 (39. Re1) 39... Rh1+ {Accuracy: White = 24%, Black = 62%.} 0-1

[Event "Chesscup Rapid 2020"]
[Site "Katowice"]
[Date "2020.09.13"]
[Round "5.10"]
[White "Wnek, Filip"]
[Black "Socko, Monika"]
[Result "1/2-1/2"]
[WhiteElo "1981"]
[BlackElo "2404"]
[Annotator "TA"]
[PlyCount "101"]
[EventDate "2020.09.12"]
[EventType "swiss"]
[EventCountry "POL"]
[SourceTitle "playchess.com"]
[Source "ChessBase"]
[SourceQuality "1"]

{[%evp 10,101,28,14,13,1,6,0,0,-14,0,0,0,0,0,-28,0,-14,0,13,24,7,16,1,32,23,19,0,0,0,8,-22,8,-19,-25,-29,-18,-20,-20,-25,0,0,0,-7,0,0,0,0,0,0,0,0,0,0,0,0,0,-6,0,0,0,0,0,2,6,0,0,0,0,0,0,0,0,0,0,0,0,0,0,0,0,0,0,0,0,0,0,0,0,0,0,0,0,0]} 1. e4 c6 2. d4 d5 3. exd5 cxd5 4. Bd3 Nc6 5. c3 g6 6. h3 Bf5 $1 {[%mdl 4] is now more promising than 6...Bg7. B13: Caro-Kann: Exchange Variation and Panov-Botvinnik Attack.} 7. Bxf5 gxf5 8. Nf3 e6 9. Bf4 Nge7 {[#]} 10. Qe2 $146 ({Predecessor:} 10. g4 Ng6 11. Bg5 Be7 12. Bxe7 Ncxe7 13. Qd2 h5 14. g5 h4 15. Na3 Nc6 16. Nc2 {1-0 (55) Kamsky,G (2677)-Murzin,V (2442) Moscow 2019}) 10... Ng6 11. Bg5 Qb6 12. g3 Bg7 13. Na3 Rc8 14. h4 h6 15. Be3 h5 16. O-O-O a6 17. Rhe1 Na5 18. Ne5 Nxe5 19. dxe5 Qc7 20. Bd4 Nc4 21. Nxc4 (21. Nc2 {seems wilder.} Bf8 22. Kb1 Qc6 23. Ka1 a5 24. Be3) 21... Qxc4 22. Qxc4 Rxc4 23. b3 Rc6 24. Kb2 O-O 25. f3 {The position is equal.} f6 26. Rd2 fxe5 27. Bxe5 Bxe5 28. Rxe5 $11 {[%mdl 4096] Endgame KRR-KRR} Kf7 29. g4 Kf6 30. Rde2 hxg4 31. fxg4 fxg4 {Strongly threatening ...Rh8.} 32. Rg5 Rfc8 33. Re3 d4 34. cxd4 Rc2+ 35. Ka3 Rg2 36. Re4 Rcc2 37. Rf4+ Ke7 38. Rfxg4 Rxa2+ 39. Kb4 Rxg4 40. Rxg4 {KR-KR} Kd6 41. Rg5 b6 42. h5 Rh2 43. Re5 Rh3 44. Rg5 Rh4 45. Kc4 Kc6 46. Re5 Kd6 47. Rg5 Rh1 48. Kb4 Rh4 49. Kc4 Kc6 50. Re5 Kd6 51. Rg5 {An uneventful encounter. Accuracy: White = 91%, Black = 91%.} 1/2-1/2

[Event "Chesscup Rapid 2020"]
[Site "Katowice"]
[Date "2020.09.13"]
[Round "6.1"]
[White "Socko, Bartosz"]
[Black "Nasuta, Grzegorz"]
[Result "1-0"]
[WhiteElo "2601"]
[BlackElo "2553"]
[Annotator "TA"]
[PlyCount "69"]
[EventDate "2020.09.12"]
[EventType "swiss"]
[EventCountry "POL"]
[SourceTitle "playchess.com"]
[Source "ChessBase"]
[SourceQuality "1"]

{[%evp 9,69,0,7,-7,0,0,0,-9,0,0,0,0,0,-11,-14,-6,-18,-15,-16,-22,0,0,4,3,8,0,12,0,0,-7,0,-2,0,-7,208,208,213,204,210,203,201,210,216,216,231,231,395,350,510,475,786,769,803,805,765,733,12829,29946,11300,9718,6270,6229]} 1. g3 d5 2. Bg2 g6 3. Nf3 Bg7 4. O-O Nf6 5. b3 Ne4 6. c3 {A07: Réti Opening: New York and Capablanca Systems.} O-O 7. Qc2 c5 8. d3 {The position is equal.} Nd6 {[#]} 9. e4 $146 ({Predecessor:} 9. Nbd2 Nc6 10. Bb2 e5 11. e4 d4 12. cxd4 cxd4 13. Nc4 b5 14. Nxd6 Qxd6 15. Nxe5 Nxe5 {½-½ (68) Hartoch,R (2355)-Fuller,K Ramsgate 1984}) 9... dxe4 10. dxe4 Nc6 11. Rd1 Qc7 12. Bf4 e5 13. Be3 b6 14. Na3 Be6 15. Ng5 Bg4 16. f3 Bc8 $1 17. Nh3 h6 18. Nf2 Be6 19. Bh3 f5 20. exf5 gxf5 21. Ne4 $36 {[%mdl 2048] White has good play.} Rad8 $2 {[#] This move loses the game for Black.} (21... Nf7 $11 {and Black has nothing to worry.}) 22. Rxd6 $1 $18 {[%mdl 64] Remove Defender} Rxd6 23. Nb5 {[%mdl 64] Double Attack} ({Inferior is} 23. Nxd6 Qxd6 24. Rd1 Qe7 $11) 23... Qd7 24. Nexd6 {aiming for Rd1.} a6 25. Rd1 {[%cal Ba1d1,Bd1d6,Bd6g6][%mdl 32]} axb5 26. Nxb5 Qe7 27. Rd6 Bd7 $2 (27... Nd8 {might work better.} 28. f4 (28. Rxb6 f4 $16) 28... exf4 29. Bxf4 Nf7 30. Rxb6 Bd5) 28. Qd2 Nd4 (28... Rf7 $142 29. a4 e4 30. fxe4 (30. Bxh6 Ne5 $16) 30... Qxe4) 29. cxd4 cxd4 (29... Bxb5 $142 30. dxc5 f4) 30. Bxh6 {And now Rg6 would win.} Bxb5 31. Rg6 Rf7 {[#]} 32. Bxf5 $1 {[%mdl 512]} Kf8 (32... Rxf5 33. Rxg7+) 33. Bxg7+ Rxg7 {[#]} 34. Qh6 $1 {White threatens Qh8+ and mate.} Qf7 35. Rf6 {Accuracy: White = 100%, Black = 66%.} 1-0

[Event "Chesscup Rapid 2020"]
[Site "Katowice"]
[Date "2020.09.13"]
[Round "6.2"]
[White "Teclaf, Pawel"]
[Black "Miton, Kamil"]
[Result "1/2-1/2"]
[WhiteElo "2464"]
[BlackElo "2590"]
[Annotator "TA"]
[PlyCount "43"]
[EventDate "2020.09.12"]
[EventType "swiss"]
[EventCountry "POL"]
[SourceTitle "playchess.com"]
[Source "ChessBase"]
[SourceQuality "1"]

{[%evp 16,43,14,14,38,17,33,-43,15,12,10,17,39,39,33,30,46,17,20,20,21,19,25,16,23,22,31,0,0,-14]} 1. Nf3 Nf6 2. b3 g6 3. Bb2 Bg7 4. g3 b6 5. Bg2 Bb7 6. O-O O-O 7. c4 c5 8. d4 cxd4 9. Qxd4 d6 {A30: Symmetrical English: Double Fianchetto and Hedgehog.} 10. Rd1 Nbd7 11. Qd2 {[#]} (11. Ne1 $14 Bxg2 12. Nxg2) 11... Nc5 (11... b5 $1 $15 {[%mdl 512]}) 12. Nc3 $11 Nce4 13. Nxe4 {[#]} Bxe4 $146 ({Predecessor:} 13... Nxe4 14. Qc2 Nf6 15. Nd4 Bxg2 16. Kxg2 Qc8 {½-½ (16) Wunder,S (2080)-Grosshans,R (2124) Schney 2015}) 14. Rac1 Qc7 15. Ne1 {[#] Hoping for Bxf6.} Qb7 16. Bxe4 Nxe4 17. Qc2 Bxb2 18. Qxb2 Rfc8 19. Ng2 b5 20. cxb5 Qxb5 21. Nf4 Nf6 22. Rxc8+ {Accuracy: White = 68%, Black = 91%.} 1/2-1/2

[Event "Chesscup Rapid 2020"]
[Site "Katowice"]
[Date "2020.09.13"]
[Round "6.3"]
[White "Jakubowski, Krzysztof"]
[Black "Janik, Igor"]
[Result "0-1"]
[WhiteElo "2481"]
[BlackElo "2470"]
[Annotator "TA"]
[PlyCount "70"]
[EventDate "2020.09.12"]
[EventType "swiss"]
[EventCountry "POL"]
[SourceTitle "playchess.com"]
[Source "ChessBase"]
[SourceQuality "1"]

{[%evp 21,70,7,23,10,23,0,16,0,10,0,0,-18,-9,-66,-54,-60,-68,-58,-58,-104,-68,-96,-31,-110,-110,-102,-42,-369,-352,-337,-159,-149,-119,-302,-315,-322,-328,-323,-318,-333,-334,-437,-437,-430,-430,-416,-415,-407,-399,-1286,-1248]} 1. d4 d5 2. c4 dxc4 3. Nf3 Nf6 4. e3 e6 5. Bxc4 a6 6. O-O b5 7. Be2 Bb7 8. a4 b4 9. b3 Nbd7 10. Bb2 c5 11. Nbd2 Be7 12. Rc1 {D27: Queen's Gambit Accepted: Classical main line: 7 e4!? and 7 a4.} O-O 13. Qc2 Rc8 14. Qb1 {The position is equal.} cxd4 15. Bxd4 {[#]} Nd5 $146 ({Predecessor:} 15... Rxc1 16. Rxc1 Qa8 17. Qb2 Rc8 18. Rxc8+ Qxc8 19. Nc4 Bc5 20. Nfe5 Nxe5 21. Bxe5 Qd8 22. Bxf6 gxf6 {½-½ (48) Savon,V (2448)-Feoktistov,A (2375) Tula 2001}) 16. Rxc8 Qxc8 17. Rc1 ({Better is} 17. Ne4 $11) 17... Nc3 $15 18. Bxc3 $1 bxc3 19. Nc4 Bb4 20. a5 Nc5 21. Nd4 Rd8 (21... Be4 $17 22. Qa2 Qc7) 22. Qa2 (22. f3 $1 $15) 22... Be4 $17 23. Nc2 {[#]} Qb7 (23... Bxc2 $1 $17 24. Qxc2 Qc7) 24. Rd1 $2 {[%mdl 8192]} (24. Nxb4 $15 Qxb4 25. Qa3 Qxa3 26. Nxa3) 24... Rxd1+ $19 25. Bxd1 Nd3 (25... Bxg2 $19 {aiming for ...Bh3.} 26. Nxb4 Bh3) 26. f3 $17 Bd5 $36 {[%mdl 2048] Keeping White busy.} 27. Qb1 $2 (27. Nb6 $17) 27... Bc5 $19 {[#] Threatens to win with ...Bxc4.} 28. Nb6 Bxb6 29. axb6 Qxb6 30. Nd4 Nb4 31. Qa1 Qc5 32. Qa4 g6 33. Qe8+ Kg7 34. Qb8 Nc6 35. b4 $2 (35. Qg3) 35... Qxd4 {[%mdl 64] Double Attack. Accuracy: White = 47%, Black = 68%.} ({Not} 35... Nxb8 36. bxc5 e5 37. Ne2 $17) 0-1

[Event "Chesscup Rapid 2020"]
[Site "Katowice"]
[Date "2020.09.13"]
[Round "6.4"]
[White "Klekowski, Maciej"]
[Black "Barski, Radoslaw"]
[Result "1-0"]
[WhiteElo "2511"]
[BlackElo "2446"]
[Annotator "TA"]
[PlyCount "89"]
[EventDate "2020.09.12"]
[EventType "swiss"]
[EventCountry "POL"]
[SourceTitle "playchess.com"]
[Source "ChessBase"]
[SourceQuality "1"]

{[%evp 16,89,38,45,55,53,65,37,49,40,49,34,33,27,25,0,6,-5,0,0,10,-8,11,-12,65,73,67,53,163,173,143,105,223,202,242,183,258,192,183,67,54,25,64,0,181,138,219,125,393,398,356,202,234,204,169,80,90,81,141,0,246,236,664,541,502,486,544,500,467,459,846,733,1194,1173,1131,1071]} 1. c4 Nf6 2. Nc3 g6 3. g3 Bg7 4. Bg2 O-O 5. d4 d6 6. e3 Nc6 7. Nge2 e5 8. O-O Re8 9. d5 Nb8 {E61: King's Indian: Early deviations for White, including Smyslov System.} 10. e4 a5 11. h3 Na6 {White is slightly better.} 12. Be3 Nd7 {[#]} 13. a3 $146 ({Predecessor:} 13. g4 Nb6 14. b3 Nc5 15. Ng3 Bd7 16. Qe2 Rf8 17. Rab1 Qh4 18. Qd2 Qe7 19. Nce2 {1-0 (42) Islam,K (2222)-Hasan,M (2227) Dhaka 2017}) 13... Nb6 14. Bxb6 cxb6 15. b4 f5 16. Qb3 Rf8 17. exf5 gxf5 18. f4 Bd7 19. Rac1 exf4 (19... e4 $11) 20. Nxf4 $14 Qg5 21. Nce2 {[%cal Bc3e2,Be2d4,Bd4e6][%mdl 32]} a4 (21... Rae8 $14) 22. Qe3 $18 b5 23. Nd4 Rfe8 (23... bxc4 $16 {is a better defense.} 24. Nde6 (24. Rxc4 b5 $16) 24... Qe7) 24. Nde6 {Hoping for cxb5.} bxc4 25. Rfe1 (25. Nxg5 $2 Rxe3 26. Nfe6 Rxa3 $17) 25... Qh6 (25... Qe7 $142 26. Rxc4 Be5) 26. Rxc4 Be5 27. Nd3 (27. Qb6 $18 Bxe6 28. dxe6) 27... Qxe3+ $14 28. Rxe3 Bh8 29. g4 ({White should play} 29. Rf3 $14 Rac8 30. Rxc8 Rxc8 31. Rxf5) 29... b5 $2 (29... Rac8 $11 30. Rxc8 Rxc8) 30. Rf4 $18 Rac8 (30... Bf6 $16 {was necessary.}) 31. Rg3 ({Inferior is} 31. Rxf5 Bd4 $19) (31. gxf5 $18 Bf6 32. Rg4+ Kh8 33. Ndf4) 31... h6 $2 {[%mdl 8192]} (31... Bf6 $16) 32. gxf5+ Kf7 33. Bf3 (33. Rg6 $142 Bf6 34. Rf1) 33... Rg8 34. Bh5+ Ke7 {[#]} 35. Rxg8 (35. Rg6 $1 $18 {and White stays clearly on top.} Bxe6 36. dxe6 (36. fxe6 Rxg6+ 37. Bxg6 Bf6 $16) 36... Rxg6+ 37. fxg6) 35... Rxg8+ $16 36. Kf2 Rc8 ({Better is} 36... Bxe6 37. fxe6 Bf6) 37. Rf3 (37. Re4 $16) 37... Nc7 $2 (37... Rc3 $1 $11 {and Black has nothing to worry.}) 38. Ndf4 $18 Nxe6 $2 (38... Be8 39. Bxe8 Kxe8) 39. Ng6+ {White is clearly winning.} (39. Nxe6 Rc3 $17) 39... Kd8 {[#] Threatens to win with ...Bd4+.} 40. fxe6 ({Worse is} 40. Nxh8 Rc2+ 41. Ke3 Ng5 $11) 40... Bd4+ 41. Ke1 Be8 42. Rf8 Kc7 (42... Bb2 $142 43. Nh4 Ke7 44. Rxe8+ Rxe8) 43. Ne7 $1 {[%csl LRc8,LRe8]} Bxh5 44. Rxc8+ Kb7 45. Rc2 {Accuracy: White = 56%, Black = 38%.} 1-0

[Event "Chesscup Rapid 2020"]
[Site "Katowice"]
[Date "2020.09.13"]
[Round "6.5"]
[White "Krasenkow, Michal"]
[Black "Kos, Pawel"]
[Result "1-0"]
[WhiteElo "2605"]
[BlackElo "2234"]
[Annotator "TA"]
[PlyCount "105"]
[EventDate "2020.09.12"]
[EventType "swiss"]
[EventCountry "POL"]
[SourceTitle "playchess.com"]
[Source "ChessBase"]
[SourceQuality "1"]

{[%evp 13,105,25,38,38,39,33,60,36,66,45,85,55,69,11,31,5,9,0,0,0,0,0,0,1,0,0,0,0,19,0,68,53,185,190,175,168,167,150,161,151,147,10,20,0,25,-12,18,16,172,168,156,99,135,136,135,121,155,139,132,134,341,349,290,164,161,147,625,616,432,255,274,263,1983,1749,29963,29964,6420,6412,6177,5925,29974,29976,29987,29988,29988,29987,29987,29988,29988,29989,29989,29990,29994,29995]} 1. d4 Nf6 2. c4 g6 3. Nc3 d5 4. cxd5 Nxd5 5. e4 Nxc3 6. bxc3 Bg7 7. Qa4+ Bd7 8. Qa3 {D85: Exchange Grünfeld: Unusual White 7th moves and lines with 7 Nf3.} O-O 9. Nf3 a6 10. Be2 {White is slightly better.} b5 {[#]} 11. O-O $146 ({Predecessor:} 11. Bg5 Nc6 12. O-O h6 13. Bh4 g5 14. Bg3 b4 15. cxb4 Nxd4 16. Nxd4 Bxd4 17. Rad1 {1-0 (40) Plazuelo Pascual,J (2403)-Brull Cortes,B (2069) Tres Cantos 2019}) 11... Nc6 12. Be3 Re8 13. d5 (13. Rfc1 $14) 13... Ne5 $11 14. Nd4 e6 15. f4 {And now dxe6 would win.} Nc4 16. Bxc4 $1 bxc4 17. dxe6 Bxe6 18. Nxe6 Rxe6 19. Rad1 Qe8 20. e5 $36 {[%mdl 2048] White fights for an advantage.} g5 21. Qc5 Rc6 ({Better is} 21... Bxe5 $1 $11 22. fxe5 Rxe5 {[%mdl 64] Double Attack} 23. Qxc7 Rxe3) 22. Qd5 $14 Qe6 (22... gxf4 $14 23. Bxf4 Qe6) 23. f5 $1 $18 {[%cal Rf5e6]} Qxd5 24. Rxd5 Re8 25. f6 ({And not} 25. Bxg5 Bxe5 26. Rf3 Rd6 $11) 25... Bf8 26. Bxg5 Rc5 {[#]} 27. Rd7 ({Only move:} 27. Rfd1 $1 $16) 27... Rcxe5 $11 28. h4 h6 29. Bd2 (29. Bf4 $5 {[%cal Rf4e5]} Bc5+ 30. Kh2 $14) 29... Re2 30. Bf4 Re1 $2 (30... R8e6 $11 {and Black is okay.}) 31. Rxe1 $18 Rxe1+ {[%mdl 4096] Endgame KRB-KRB} 32. Kh2 (32. Kf2 $142 Re6 33. Rxc7) 32... Re6 33. Rxc7 {Threatens to win with Rc8.} Rxf6 34. Rxc4 Rf5 35. g4 Ra5 36. a4 Rd5 $2 (36... f5 $16 {might work better.} 37. g5 hxg5 38. Bxg5 (38. hxg5 Kf7 $16) 38... Kh7) 37. Rc8 {Black must now prevent Bxh6.} Kg7 {[#]} 38. c4 (38. Bxh6+ $142 $1 {[%mdl 512]} Kxh6 39. Rxf8) 38... Ra5 39. Kg3 h5 $2 {[%mdl 8192]} (39... Rxa4 $16 40. Bxh6+ Kxh6) 40. gxh5 Rxh5 41. Kg4 (41. Bg5 $142) 41... Ra5 42. h5 {h6+ is the strong threat.} Be7 $2 (42... Bb4 43. Be3 Bc3) 43. h6+ Kg6 44. Rg8+ Kh7 45. Rg7+ {[%mdl 64] Double Attack} Kh8 46. Rxf7 Ba3 47. Bd2 {White mates.} Rxa4 48. Bc3+ Kg8 49. h7+ Kxf7 50. h8=Q Rxc4+ 51. Kf5 Rc5+ 52. Be5 Rxe5+ 53. Qxe5 {Accuracy: White = 68%, Black = 38%.} 1-0